| 000 | 00863nam a2200265Ia 4500 | ||
|---|---|---|---|
| 003 | OSt | ||
| 005 | 20250131114714.0 | ||
| 008 | 210716s2009 xx 000 0 und d | ||
| 020 | _a9788131801383 | ||
| 040 | _cAIMIT LIBRARY | ||
| 041 | _aeng | ||
| 082 |
_a005.7401 _21 _bPARR |
||
| 100 |
_aParida, Rajeev A. _9196619 |
||
| 245 |
_aPower of oracle 10g / _cBy Rajeev A. Parida. |
||
| 250 | _a1st ed. | ||
| 260 |
_aNew Delhi : _bFirewall media , _c2009. |
||
| 300 |
_axvii,917p.; _bPB _c25 cm. |
||
| 650 |
_aRelational database management _9196620 |
||
| 650 |
_aGetting stated with oracle 10g _9196621 |
||
| 650 |
_aArchitecture of oracle database _9196622 |
||
| 650 |
_aOverview of administering an oracle database _9196623 |
||
| 650 |
_aStarting up and shitting down _9196624 |
||
| 650 |
_aManaging control files _9196625 |
||
| 942 |
_2ddc _cBK _k005.7401 PARR |
||
| 999 |
_c194276 _d194276 |
||